000 01299nam a2200313 4500
001 144328
003 ES-MaACL
005 20251009145255.0
007 t|
008 070214s1983 sp r ||||1| spa d
110 2 _aSantiago de Chile (Diócesis).
_bSínodo (1688)
_96503
245 1 0 _aSínodos de Santiago de Chile de 1688 y 1763 /
_cBernardo Carrasco Saavedra, Manuel de Alday y Aspee.
250 _aEd. facs.
260 _aMadrid :
_bInstituto `Francisco Suárez` del Consejo Superior de Investigaciones Científicas,
_c1983 (
_eSalamanca :
_fEuropa)
300 _aXX, V, 424 p. ;
_c25 cm.
490 1 _aTierra nueva a cielo nuevo ;
_v9
490 1 _aSínodos americanos ;
_v2
500 _aReimp. de la ed. de: Nueva York: Eduardo Dunigan i Hermano, 1858.
655 7 _2tgfbne
_9226495
_aFacsímiles
700 1 _aCarrasco Saavedra, Bernardo,
_cArzobispo de Santiago de Chile
_935569
700 1 _aAlday y Aspee, Manuel de
_cObispo de Santiago de Chile.
_9187331
710 2 _aSantiago de Chile (Diócesis).
_bSínodo (1763)
_96504
710 2 _aInstituto "Francisco Suárez"
_95062
830 0 _aTierra nueva a cielo nuevo ;
_v9
_9187332
830 0 _aSínodos americanos ;
_v2
_9187333
852 _aES-MaACL
_jL-4766
_bR.105653
942 _2udc
999 _c144328
_d144328